| 000 | 00898njm a22002537a 4500 | ||
|---|---|---|---|
| 005 | 20100915102224.0 | ||
| 007 | sd ammalaaahaa | ||
| 008 | 100914t xxu||||| |||| 00| 0 eng d | ||
| 028 |
_aEASD. 1715 _bHis Master's Voice |
||
| 035 | _aGR-02586 | ||
| 100 | _919854 | ||
| 245 |
_aShiv batalvi de geet side 1 & 2/ _cmusic S. Mohinder ; lyric Shiv Kumar Batalvi _h[sound recording] : |
||
| 260 |
_aDum Dum, India _bHIs Master's Voice _c1976 |
||
| 300 |
_a1 sound disc [Gramophone record] : _banalog, 33 1/3 rpm _c12 in. (LP) _fGramophone record |
||
| 500 | _aBrief record. | ||
| 500 | _aHis Master's Voice | ||
| 500 | _aOrange | ||
| 650 |
_aPanjabi Song _xExcerpts _zIndia _919855 _vFilm Song |
||
| 700 |
_aS. Mohinder _91184 |
||
| 700 |
_aShiv Kumar Batalvi _919963 |
||
| 700 | _920097 | ||
| 942 |
_2ddc _cGR |
||
| 999 |
_c45841 _d45841 |
||